=LDR 00000nam 2200000 4500 =001 INLIS000000000021999 =005 20130612120812 =008 ***********************************Ind** =035 ##$$0010-061300000021999 =041 ##$$a Ind =082 ##$$a 900 =090 ##$$a 900, Idr-s =100 ##$$a IDRIS, Z.H =245 ##$$a Sejarah untuk SMA, Drs.Z.H. Idris =260 ##$$a 1978 $b Jakarta =300 ##$$a 109 hlm., ilus., 21 cm =650 ##$$a Sejarah-Indonesia =850 ##$$a NBPNMAT